A practical guide to the skills of mentoring

Bibliographic Details
Main Author: HAMILTON
Format: Book
Published: Petaling Jaya, Selangor : Pelanduk Pub. , 1993
Subjects:

MARC

LEADER 00000cam a2200000 7i4500
001 0000000832
005 20001012.0
020 0 0 |a 9679784703 
090 0 0 |a 658.4071245   |b HAM 1993 
100 1 0 |a HAMILTON   |h Reg 
245 1 2 |a A practical guide to the skills of mentoring   |c Reg Hamilton 
260 0 0 |a Petaling Jaya, Selangor :   |b Pelanduk Pub. ,   |c 1993 
300 |a 120 p. :   |b ill. ;   |c 22 cm. 
500 0 0 |a Bibliography: [p. 117-120] 
650 0 0 |a Executives   |x Training of 
650 0 0 |a Mentors in the professions 
999 |a 0000000663   |b Monograph   |c Open Shelf   |e Default branch